Psicopatología y clínica infanto-juvenil
שמור ב:
| מחבר ראשי: | |
|---|---|
| פורמט: | ספר |
| שפה: | ספרדית |
| יצא לאור: |
Buenos Aires
De Belgrano
1980
|
| סדרה: | Colección Textos
|
| נושאים: | |
| תגים: |
הוספת תג
אין תגיות, היה/י הראשונ/ה לתייג את הרשומה!
|
MARC
| LEADER | 00000cam a2200000 a 4500 | ||
|---|---|---|---|
| 001 | UCG9179 | ||
| 003 | CL-VaPUC | ||
| 008 | 120127e19800000AG |||||||||||||||||spa|d | ||
| 082 | 0 | 4 | |a 157 |b REY |2 21 |
| 100 | 0 | |a Reynoso, Roberto |e author |9 560634 | |
| 245 | 1 | 0 | |a Psicopatología y clínica infanto-juvenil |
| 300 | |a t | ||
| 942 | |c BK | ||
| 945 | |d 20120127 00:00:00 |a dcastane | ||
| 260 | |a Buenos Aires |b De Belgrano |c 1980 | ||
| 650 | 0 | |a Psicopatología |9 307473 | |
| 650 | 7 | |a PSICOPATOLOGIA INFANTIL |2 CL-VaPUC |9 307474 | |
| 650 | 0 | |a Trastornos mentales |9 307475 | |
| 583 | |a last modification |c 20120127 09:50:00 |k Rodrigo Vera | ||
| 490 | 0 | |a Colección Textos | |
| 999 | |c 346746 |d 346744 | ||
| 952 | |0 0 |1 0 |4 0 |6 157_000000000000000_REY_1980 |7 0 |8 P |9 447562 |a BIBEDU |b BIBEDU |c BIBEDU_PB |d 2019-11-22 |h t.1 |i 4837363 |o 157 REY 1980 |p 4837363 |r 2024-01-25 |w 2019-11-22 |y BK |k PSI | ||